Physics For Entertainment - Book Two (Record no. 1230345)

MARC details
000 -LEADER
fixed length control field 00501nam a2200193Ia 4500
008 - FIXED-LENGTH DATA ELEMENTS--GENERAL INFORMATION
fixed length control field 151121s9999||||xx |||||||||||||| ||und||
082 ## - DEWEY DECIMAL CLASSIFICATION NUMBER
Classification number 530/Per
082 ## - DEWEY DECIMAL CLASSIFICATION NUMBER
Item number HNW-41225
100 ## - MAIN ENTRY--PERSONAL NAME
Personal name Perelman Ya।
245 ## - TITLE STATEMENT
Title Physics For Entertainment - Book Two
260 ## - PUBLICATION, DISTRIBUTION, ETC. (IMPRINT)
Name of publisher, distributor, etc Mir Pub।
260 ## - PUBLICATION, DISTRIBUTION, ETC. (IMPRINT)
Date of publication, distribution, etc --
300 ## - PHYSICAL DESCRIPTION
Extent 330
600 ## - SUBJECT ADDED ENTRY--PERSONAL NAME
Personal name Perelman Ya।
630 ## - SUBJECT ADDED ENTRY--UNIFORM TITLE
Uniform title Physics For Entertainment - Book Two
700 ## - ADDED ENTRY--PERSONAL NAME
Personal name Perelman Ya।
730 ## - ADDED ENTRY--UNIFORM TITLE
Uniform title Physics For Entertainment - Book Two
942 ## - ADDED ENTRY ELEMENTS (KOHA)
Koha item type Book
Holdings
Withdrawn status Lost status Damaged status Not for loan Home library Current library Date acquired Cost, normal purchase price Total Checkouts Full call number Barcode Date last seen Cost, replacement price Price effective from Koha item type
        Hirachand Nemchand Wachanalaya, Solapur Hirachand Nemchand Wachanalaya, Solapur 11/21/2015 0.00   HNW-41225 HNW-41225 11/21/2015 0.00 11/21/2015 Book